书目信息 |
| 题名: |
中国流动人口问题
|
|
| 作者: | 蔡昉 著 | |
| 分册: | ||
| 出版信息: | 北京 社会科学文献出版社 2007 |
|
| 页数: | 217页 | |
| 开本: | 24cm | |
| 丛书名: | 中国社会科学院文库 | |
| 单 册: | ||
| 中图分类: | C922.2 | |
| 科图分类: | ||
| 主题词: | 流动人口--研究--中国 , 流动人口 | |
| 电子资源: | ||
| ISBN: | 978-7-80230-390-4 | |
| 000 | 00988oam2 2200289 450 | |
| 001 | 1261027937 | |
| 005 | 20121004165743.46 | |
| 010 | @a978-7-80230-390-4@dCNY35.00 | |
| 100 | @a20070319d2007 em y0chiy50 ea | |
| 101 | 0 | @achi |
| 102 | @aCN@b110000 | |
| 105 | @ay z 000yy | |
| 200 | 1 | @a中国流动人口问题@Azhong guo liu dong ren kou wen ti@dFloating population in transition China@f蔡昉著@zeng |
| 205 | @a2版 | |
| 210 | @a北京@c社会科学文献出版社@d2007 | |
| 215 | @a217页@d24cm | |
| 225 | 2 | @a中国社会科学院文库@i经济研究系列 |
| 330 | @a本书共分十一章,首先从“民工潮”谈起,一步步将话题引入到历史与制度、就业制度与改革激励、政府管理等等问题当中。 | |
| 461 | 0 | @12001 @a中国社会科学院文库 |
| 462 | 0 | @12001 @a经济研究系列 |
| 510 | 1 | @aFloating population in transition China@zeng |
| 606 | 0 | @a流动人口@x研究@y中国 |
| 606 | 0 | @a流动人口 |
| 690 | @aC922.2@v4 | |
| 701 | 0 | @a蔡昉@Acai fang@f(1956~)@4著 |
| 801 | 0 | @aCN@bNLC@c20101222 |
| 905 | @a10447@dC922.2@eJY310 | |
| 中国流动人口问题=Floating population in transition China/蔡昉著.-2版.-北京:社会科学文献出版社,2007 |
| 217页;24cm.-(中国社会科学院文库.经济研究系列) |
| ISBN 978-7-80230-390-4:CNY35.00 |
| 本书共分十一章,首先从“民工潮”谈起,一步步将话题引入到历史与制度、就业制度与改革激励、政府管理等等问题当中。 |
| ● |
| 相关链接 |
|
|
|
|
正题名:中国流动人口问题
索取号:C922.2/JY310
 
预约/预借
| 序号 | 登录号 | 条形码 | 馆藏地/架位号 | 状态 | 备注 |
| 1 | 7810927 | 278109271 | 学院路分馆/ [索取号:C922.2/JY310] | 在馆 | |
| 2 | 7810928 | 278109280 | 学院路分馆/ [索取号:C922.2/JY310] | 在馆 |